| 000 | 00691cam a2200205 a 4500 | ||
|---|---|---|---|
| 001 | 000001312 | ||
| 003 | DO-SdBNP | ||
| 005 | 20240912174652.0 | ||
| 008 | 780613s1958 ve a 000 0 spa | ||
| 040 |
_aDO-SdBNP _bspa _cBNPHU |
||
| 082 |
_a868.9937 _bV297o |
||
| 100 | 1 |
_aVargas, José María, _d1786-1854. _94437 |
|
| 245 | 1 | 0 |
_aObras completas / _cJosé María Vargas ; compilación y notas del Dr. Blas Bruni Celli. |
| 260 |
_aCaracas : _bEl Globo, _c1958. |
||
| 300 |
_av. : _bil. ; _c24 cm. |
||
| 650 | 4 |
_aJosé maría vargas, _d1786-1854 _xColecciones de escritos _94438 |
|
| 650 | 4 |
_aLiteratura venezolana _93816 |
|
| 700 | 1 |
_aBruni Celli, Blas, _d1925- _ecomp. _94439 |
|
| 942 |
_2ddc _cLBS1 |
||
| 999 |
_c1249 _d1249 |
||